CREATE YOUR OWN FUTURE / (Record no. 4648)
[ view plain ]
| 000 -LEADER | |
|---|---|
| fixed length control field | nam a22 a 4500 |
| 003 - CONTROL NUMBER IDENTIFIER | |
| control field | AKMAL |
| 005 - DATE AND TIME OF LATEST TRANSACTION | |
| control field | 20170726124632.0 |
| 008 - FIXED-LENGTH DATA ELEMENTS--GENERAL INFORMATION | |
| fixed length control field | 170726s20142014my e 001 0 may d |
| 020 ## - INTERNATIONAL STANDARD BOOK NUMBER | |
| International Standard Book Number | 9789673691913 |
| Qualifying information | paperback |
| Terms of availability | RM29.90 |
| 040 ## - CATALOGING SOURCE | |
| Original cataloging agency | BNM |
| 082 04 - DEWEY DECIMAL CLASSIFICATION NUMBER | |
| Classification number | 650.1 TRA |
| Edition number | 23 |
| 090 00 - LOCALLY ASSIGNED LC-TYPE CALL NUMBER (OCLC); LOCAL CALL NUMBER (RLIN) | |
| Classification number (OCLC) (R) ; Classification number, CALL (RLIN) (NR) | 650.1 |
| Local cutter number (OCLC) ; Book number/undivided call number, CALL (RLIN) | TRA |
| 100 1# - MAIN ENTRY--PERSONAL NAME | |
| Personal name | Tracy, Brian, |
| Relator term | author. |
| 9 (RLIN) | 8947 |
| 245 10 - TITLE STATEMENT | |
| Title | CREATE YOUR OWN FUTURE / |
| Statement of responsibility, etc. | Brian Tracy ; Penterjemah: Norliza Abu Bakar |
| 250 ## - EDITION STATEMENT | |
| Edition statement | EDISI BAHASA MELAYU |
| 264 #1 - PRODUCTION, PUBLICATION, DISTRIBUTION, MANUFACTURE, AND COPYRIGHT NOTICE | |
| Place of production, publication, distribution, manufacture | Batu Caves, Selangor : |
| Name of producer, publisher, distributor, manufacturer | PTS PROFESSIONAL SDN. BHD. |
| Date of production, publication, distribution, manufacture, or copyright notice | 2014 |
| 264 #4 - PRODUCTION, PUBLICATION, DISTRIBUTION, MANUFACTURE, AND COPYRIGHT NOTICE | |
| Date of production, publication, distribution, manufacture, or copyright notice | ©2014 |
| 300 ## - PHYSICAL DESCRIPTION | |
| Extent | xiii, 341 pages ; |
| Dimensions | 23 cm |
| 533 ## - REPRODUCTION NOTE | |
| Type of reproduction | Electronic reproduction. |
| Place of reproduction | Batu Caves, Selangor : |
| Agency responsible for reproduction | PTS Millennia, |
| Date of reproduction | 2014. |
| Note about reproduction | Available via World Wide Web |
| 650 10 - SUBJECT ADDED ENTRY--TOPICAL TERM | |
| Topical term or geographic name entry element | Career development |
| 9 (RLIN) | 568 |
| 650 20 - SUBJECT ADDED ENTRY--TOPICAL TERM | |
| Topical term or geographic name entry element | Success |
| 9 (RLIN) | 2 |
| 700 0# - ADDED ENTRY--PERSONAL NAME | |
| Personal name | Ab. Rahman Ahmad, |
| Relator term | translator. |
| 9 (RLIN) | 8948 |
| 700 1# - ADDED ENTRY--PERSONAL NAME | |
| Relationship information | Translation of: |
| Personal name | Tracy, Brian. |
| Title of a work | Create your own future |
| 9 (RLIN) | 8949 |
| 942 ## - ADDED ENTRY ELEMENTS (KOHA) | |
| Source of classification or shelving scheme | |
| Koha item type | Book |
| 950 ## - LOCAL HOLDINGS (RLIN) | |
| Permanent shelving location, LOC (RLIN) | AKMAL |
| Withdrawn status | Lost status | Source of classification or shelving scheme | Damaged status | Not for loan | Collection code | Home library | Current library | Shelving location | Date acquired | Inventory number | Total Checkouts | Full call number | Barcode | Date last seen | Price effective from | Koha item type | Date last checked out |
|---|---|---|---|---|---|---|---|---|---|---|---|---|---|---|---|---|---|
| NON-FICTION | AKMAL Melaka | AKMAL Melaka | PINJAMAN | 26.07.2017 | 602755 | 650.1 TRA | 201707495 | 26.07.2017 | 26.07.2017 | Book | |||||||
| NON-FICTION | AKMAL Melaka | AKMAL Melaka | PINJAMAN | 26.07.2017 | 602756 | 1 | 650.1 TRA | 201707494 | 19.09.2019 | 26.07.2017 | Book | 27.08.2019 |
